|
|
|
|
| LEADER |
00000nab#a22000007a#4500 |
| 001 |
arbauad037184 |
| 003 |
AR-BaUAD |
| 005 |
20250711112927.0 |
| 008 |
990611|||||||||###||||||b###|0###a|spa|| |
| 040 |
|
|
|a AR-BaUAD
|c AR-BaUAD
|b spa
|
| 100 |
|
|
|a Signorello, Danilo
|
| 245 |
|
|
|a Villa Perego a Cremnago /
|c Danilo Signorello;
|
| 300 |
0 |
|
|b fot.
|
| 653 |
|
|
|a ARQUITECTURA
|
| 653 |
|
|
|a VILLAS
|
| 653 |
|
|
|a HISTORIA
|
| 653 |
|
|
|a SIGLO XVII
|
| 653 |
|
|
|a CREMNAGO
|
| 653 |
|
|
|a ITALIA
|
| 653 |
|
|
|a JARDINES
|
| 773 |
0 |
|
|t VILLE GIARDINI
|g no. 339 [set. 1998], p. 58-59
|
| 942 |
|
|
|c ARTI
|
| 952 |
|
|
|0 0
|1 0
|4 0
|7 0
|9 82103
|a AR-BAuAD
|b AR-BAuAD
|d 2025-07-11
|l 0
|p AAQA037184
|r 2025-07-11 11:29:27
|w 2025-07-11
|y ARTI
|
| 990 |
|
|
|a AQ199
|b TD
|
| 998 |
|
|
|a AAQ
|b BIBUN76
|
| 999 |
|
|
|c 61776
|d 61776
|